000 00502nam a2200181Ia 4500
003 OSt
005 20230602134652.0
008 210423s1997 xx 000 0 und d
040 _cAL
041 _aeng
082 _a361.6
_223
_bSHES
100 _aSHETTY (Lala).
_9119022
245 _aSocial work with mentally disabled childern and their parents.
260 _aBombay
_bTISS
_c1997
365 _b40
_cINR
906 _achildern ; disabled ; mentally ; parents. ; Social ; work
942 _2ddc
_cBK
999 _c175683
_d175683